Milky Chance - Stolen Dance - lyrics - Statistics

General Stats
  • This quiz has been taken 122 times
  • The average score is 193 of 253
Answer Stats
Answer % Correct
I
96%
You
96%
Want
93%
Never
92%
We
92%
About
89%
It
89%
Talk
89%
The
89%
Like
88%
Before
86%
This
86%
Can
85%
Don´t
85%
Feel
85%
Floor
85%
My
85%
On
85%
Paradise
85%
By
83%
Danced
83%
So
83%
Stolen
83%
Again
82%
Side
82%
All
81%
Alone
79%
Bring
79%
Long
79%
Night
79%
That
79%
Me
76%
To
76%
Boogie
74%
From
72%
Have
69%
In
68%
TIme
67%
No
65%
They
65%
Us
65%
Shouldn´t
64%
Always
63%
And
63%
Away
63%
Been
63%
Kind
63%
Your
63%
Dancing
61%
Of
60%
Back
58%
Mind
58%
Stoned
58%
Now
57%
But
56%
For
56%
Get
56%
Is
56%
Didn´t
54%
Anyway
53%
Need
53%
They´ve
50%
Brought
49%
Fetch
49%
Hope
49%
Only
49%
Too
49%
Heart
47%
Strong
47%
Thing
47%
Absence
46%
Doing
46%
Pain
46%
You´ve
46%
Out
44%
Anymore
43%
Controlling
42%
Way
42%
Find
40%
Caused
39%
Here
39%
Shining
39%
Winter
39%
Sun
38%
Coldest
35%
Suspense
33%
Cannot
29%
No matching quizzes found
Score Distribution
Percent of People with Each Score
Percentile by Number Answered
Your Score History
You have not taken this quiz